000 00423 a2200145 4500
005 20250319142345.0
020 _a0-7715-0901-4
082 _a513.93 WAL
100 _aWAALACE, M.
245 _aMathematics for Business with Machine Applications
260 _aOntario,
_bGage Educational Publishing Limited,
_c1977.
300 _aix, 452p.: ill,; figure, graph, table
_bIndex.
_c23cm.
700 _aPITZ, L.
942 _2ddc
_cBKS
999 _c1005
_d1005